| 000 | 00425ntaaa2200169 4500 | ||
|---|---|---|---|
| 003 | 01 | ||
| 005 | 20251027201949.0 | ||
| 008 | 0714s1973 ag 01 | ||
| 040 |
_aAR-BaBN _bspa _cAR-BaBN _eaacr _dRIC |
||
| 082 | _a248.0000 Se1 | ||
| 100 |
_aSeabury, David _918179 |
||
| 245 | _aHow Jesus heals our minds today | ||
| 250 |
_a1 ed. : _bLittle, Brown, _cc1940 |
||
| 300 | _a317 p. | ||
| 650 |
_aVida Espiritual _9658 |
||
| 942 | _cBK | ||
| 999 |
_c14371 _d14371 |
||